000 00459nam a22001697a 4500
999 _c160647
_d160647
005 20190207122033.0
010 _aB-217647
020 _a8188585715
_c950.00
035 _aB-217647
037 _bReference Press
082 _a954.37
245 _aThe beautiful India:
_bKaranataka /
_cS.A. Rahman
260 _aNew Delhi
_bReference Press
_c2005
300 _a432p.
_c22cm(hbk)
700 _aRahman, S.A.
942 _2ddc
_cEN
_h954.37
_mKAR